| 000 | 01497nam0a2200325 i 4500 | ||
|---|---|---|---|
| 001 | RU\NLR\bibl\2013088 | ||
| 005 | 20260406095408.0 | ||
| 010 |
_a9785912901966 _91000 |
||
| 021 |
_aRU _b2013-13047 _9932 |
||
| 035 | _a(NLR Aleph) 002001569 | ||
| 090 |
_a4366623 _c4366623 |
||
| 100 | _a20130319d2013 k y0rusy50 ca | ||
| 101 | 0 | _arus | |
| 102 | _aRU | ||
| 105 | _ay ||||||||| | ||
| 200 | 1 |
_aБлаготворительность в России и государственная политика _fС.С. Сулакшин, Д.В. Бачурина, М.В. Вилисов [и др.] _gЦентр пробл. анализа и гос.-управленч. проектирования |
|
| 210 |
_aМосква _cНаучный эксперт _d2013 |
||
| 215 |
_a222, [1] с. _d22 |
||
| 320 | _aБиблиогр.: с. 209-223 и в подстроч. примеч. | ||
| 606 | 1 |
_aБлаготворительность _yРоссийская Федерация _91548557 _3RU\NLR\auth\66976955 |
|
| 686 | _aУ27(2)68 | ||
| 701 | 1 |
_4070 _8rus _7ca _aСулакшин _bС. С. _cд-р физ.-мат. наук, д-р полит. наук _f1954- _gСтепан Степанович _3RU\NLR\auth\7772216 _955144 |
|
| 701 | 1 |
_aБачурина _bД. В. _4070 |
|
| 701 | 1 |
_aВилисов _bМ. В. _gМаксим Владимирович _4070 |
|
| 801 | 0 |
_aRU _bNLR _c20130319 _gRCR |
|
| 801 | 1 |
_aRU _bNLR _c20130319 |
|
| 942 | _cBOOK | ||
| 980 | _aNBR | ||